[Event "Twente Young Master op-C"]
[Site "Twente"]
[Date "2007.08.10"]
[Round "8"]
[White "De Carlo, Kevin"]
[Black "Zadi, Job"]
[Result "1-0"]
[WhiteElo "1311"]
[BlackElo "739"]
[PlyCount "57"]
[EventDate "2007.08.06"]
[EventType "swiss"]
[EventRounds "9"]
[EventCountry "NED"]
[SourceTitle "EXT 2008"]
[Source "ChessBase"]
[SourceDate "2007.11.25"]
[SourceVersion "1"]
[SourceVersionDate "2007.11.25"]
[SourceQuality "1"]

1. e4 Nf6 2. Nc3 Nc6 3. d4 e5 4. d5 Nd4 5. Be3 Bc5 6. Nf3 0-0 7. Nxd4 exd4 8. Bxd4 Bb4 9. Bd3 Re8 10. Qe2 d6 11. 0-0 c5 12. Bxf6 Qxf6 13. Nb5 Rf8 14. f3 Ba5 15. f4 a6 16. e5 Qe7 17. Nxd6 Qd7 18. Qe4 g6 19. Nxf7 Qxf7 20. e6 Qe7 21. f5 Bb6 22. Kh1 Bd8 23. fxg6 hxg6 24. Qxg6+ Qg7 25. Rxf8+ Kxf8 26. Rf1+ Bf6 27. Rxf6+ Qxf6 28. Qxf6+ Ke8 29. Bg6# 1-0